书目信息 |
| 题名: |
潮汐河口区连续多跨钢结构公轨两用桥施工关键技术
|
|
| 作者: | 黄克起 主编 ;中国建筑第六工程局公司 , 中建六局第四建设公司 编著 | |
| 分册: | ||
| 出版信息: | 北京 中国建筑工业出版社 2025.02 |
|
| 页数: | 174页, [8] 页图版 | |
| 开本: | 26cm | |
| 丛书名: | ||
| 单 册: | ||
| 中图分类: | U448.125.4 , U448.125 | |
| 科图分类: | ||
| 主题词: | 河口--he kou--连续梁桥--钢桥--铁路公路两用桥--桥梁施工--福州 | |
| 电子资源: | ||
| ISBN: | 978-7-112-30876-7 | |
| 000 | 01429nam0 2200301 450 | |
| 001 | 90676 | |
| 005 | 20250816085255.42 | |
| 010 | @a978-7-112-30876-7@dCNY62.00 | |
| 100 | @a20250320d2025 em y0chiy50 ea | |
| 101 | 0 | @achi |
| 102 | @aCN@b110000 | |
| 105 | @aakf a 000yy | |
| 106 | @ar | |
| 200 | 1 | @a潮汐河口区连续多跨钢结构公轨两用桥施工关键技术@Achao xi he kou qu lian xu duo kua gang jie gou gong gui liang yong qiao shi gong guan jian ji shu@e福州市道庆洲大桥@f中国建筑第六工程局有限公司, 中建六局第四建设有限公司编著 |
| 210 | @a北京@c中国建筑工业出版社@d2025.02 | |
| 215 | @a174页, [8] 页图版@c图 (部分彩图)@d26cm | |
| 314 | @a书内题: 黄克起主编 | |
| 320 | @a有书目 (第173-174页) | |
| 330 | @a本书以福州首座公轨共建桥梁也是国内跨径最大的钢桁结合连续梁桥为内容基础, 重点推广在施工中创新研发的裸岩区栈桥嵌岩植桩、裸岩区大直径嵌岩桩、大型双壁钢围堰、连续变高钢桁结合梁桥、水上大跨双层现浇梁等关键技术。 | |
| 517 | 1 | @a福州市道庆洲大桥@Afu zhou shi dao qing zhou da qiao |
| 606 | 0 | @a河口@Ahe kou@x连续梁桥@x钢桥@x铁路公路两用桥@x桥梁施工@y福州 |
| 690 | @aU448.125.4@v5 | |
| 690 | @aU448.125@v4 | |
| 701 | 0 | @a黄克起@Ahuang ke qi@4主编 |
| 712 | 02 | @a中国建筑第六工程局公司@Azhong guo jian zhu di liu gong cheng ju you xian gong si@4编著 |
| 712 | 02 | @a中建六局第四建设公司@Azhong jian liu ju di si jian she you xian gong si@4编著 |
| 801 | 0 | @aCN@c20250909 |
| 905 | @a河南城建学院图书馆@dU448.125@eH850@f1 | |
| 潮汐河口区连续多跨钢结构公轨两用桥施工关键技术:福州市道庆洲大桥/中国建筑第六工程局有限公司, 中建六局第四建设有限公司编著.-北京:中国建筑工业出版社,2025.02 |
| 174页, [8] 页图版:图 (部分彩图);26cm |
| ISBN 978-7-112-30876-7:CNY62.00 |
| 本书以福州首座公轨共建桥梁也是国内跨径最大的钢桁结合连续梁桥为内容基础, 重点推广在施工中创新研发的裸岩区栈桥嵌岩植桩、裸岩区大直径嵌岩桩、大型双壁钢围堰、连续变高钢桁结合梁桥、水上大跨双层现浇梁等关键技术。 |
| ● |
| 相关链接 |
|
|
|
正题名:潮汐河口区连续多跨钢结构公轨两用桥施工关
索取号:U448.125/H850
 
预约/预借
| 序号 | 登录号 | 条形码 | 馆藏地/架位号 | 状态 | 备注 |
| 1 | 1624638 | 216246382 | 自科库501/501自科库 54排4列3层/ [索取号:U448.125/H850] | 在馆 |